000 01296nam a22002537a 4500
001 9718
003 FISKH
005 20260130111951.0
008 260130b cb ||||| |||| 00| 0 eng d
020 _a9780241684337
040 _aFISKH
_beng
_cFISKH
_dFISKH
050 _aPZ7 .B26225
082 _a 813.00
100 _aBarnes, Jennifer Lynn
245 _aGames untold /
_cJennifer Lynn Barnes
250 _aThis edition published in 2025
260 _aUnited Kingdom :
_bPenguin,
_c2022
300 _a433 pages :
_billustrations ;
_c20 cm
490 _aThe Inheritance Games :
_vBook Five
520 _aThere is nothing frivolous about the way a Hawthorne man loves. An amnesiac playboy and the woman with every reason to hate him. A daredevil, his favorite heiress, and three nights in Prague. An unlikely pairing between a cowboy and a goth. Four brothers with an inescapable bond, strengthened by the family they chose, in a house of wonders that promises to always deliver one more secret. Discover their stories of love and loss, power, puzzles, and life-and-death secrets in this mind-blowingly romantic collection that proves that when you love the way Hawthornes love, there is no going back.
650 _aFantasy & Supernatural
942 _2ddc
_cBK
_n0
999 _c9718
_d9718